000
00285nam a2200109Ia 4500
008
200302s9999 xx 000 0 und d
100
_a
Ferdinand P. Beer and Others
245
_a
Mechanics Materials 6th ed
260
_b
Connect Learn Succed Mc Graw Hill
260
_c
2012
300
_a
780
999
_c
6461
_d
6461